[Event "Matanzas Province-ch sf"]
[Site "Matanzas"]
[Date "2007.09.15"]
[Round "5"]
[White "Taboada Patersson, Carlos Fidel"]
[Black "Fuentes Perera, Julio"]
[Result "1-0"]
[WhiteElo "2003"]
[BlackElo "1832"]
[PlyCount "73"]
[EventDate "2007.09.11"]
[EventType "swiss"]
[EventRounds "9"]
[EventCountry "CUB"]
[SourceTitle "EXT 2019"]
[Source "ChessBase"]
[SourceDate "2018.10.10"]
[SourceVersion "1"]
[SourceVersionDate "2018.10.10"]
[SourceQuality "1"]

1. e4 e5 2. Nf3 Nf6 3. Nxe5 d6 4. Nf3 Nxe4 5. c4 Be7 6. Nc3 Nxc3 7. dxc3 0-0 8. Bd3 Nc6 9. Qc2 h6 10. Bf4 Bf6 11. 0-0-0 Bg4 12. Rhg1 g5 13. h3 gxf4 14. hxg4 Ne5 15. Nxe5 Bxe5 16. Rh1 Kg7 17. Rh5 Bf6 18. Rf5 Qe7 19. Kb1 Bg5 20. g3 fxg3 21. f4 Bf6 22. Qd2 Rae8 23. g5 hxg5 24. fxg5 Be5 25. Rdf1 Rh8 26. Be4 Ref8 27. Qe3 c5 28. Bd5 Rh2 29. Qe4 b6 30. Qg4 a6 31. Rf6 Rf2 32. R1xf2 gxf2 33. Rxf2 Bxc3 34. Rf1 Be5 35. Qh5 Qd7 36. Qh6+ Kg8 37. g6 1-0

[Event "Matanzas Province-ch U20"]
[Site "Matanzas"]
[Date "2007.06.06"]
[Round "6"]
[White "Romero Gonzalez, Javier1111"]
[Black "Taboada Patersson, Carlos Fidel"]
[Result "1-0"]
[WhiteElo "2044"]
[BlackElo "2003"]
[PlyCount "45"]
[EventDate "2007.06.02"]
[EventType "tourn"]
[EventRounds "12"]
[EventCountry "CUB"]
[SourceTitle "EXT 2019"]
[Source "ChessBase"]
[SourceDate "2018.10.10"]
[SourceVersion "1"]
[SourceVersionDate "2018.10.10"]
[SourceQuality "1"]

1. e4 g6 2. d4 Bg7 3. Nc3 d6 4. Be3 Nd7 5. Qd2 e5 6. dxe5 Nxe5 7. 0-0-0 Nf6 8. Nf3 Nxf3 9. gxf3 Qe7 10. e5 Qxe5 11. Bd4 Qe7 12. Nd5 Nxd5 13. Bxg7 Rg8 14. Bb5+ c6 15. Qxd5 cxb5 16. Rhe1 Be6 17. Qd4 Qg5+ 18. f4 Qc5 19. Qxc5 dxc5 20. Bf6 Kf8 21. Rd6 h6 22. Red1 Re8 23. Rd8 1-0